La banque de France : Du Franc de germinal entreprises

Gorde:
Xehetasun bibliografikoak
Egile nagusia: Potut, Georges
Formatua: Liburua
Hizkuntza:Undetermined
Argitaratua: Paris Plon 1961
Gaiak:
Etiketak: Etiketa erantsi
Etiketarik gabe, Izan zaitez lehena erregistro honi etiketa jartzen!
Thư viện lưu trữ: Trung tâm Học liệu Trường Đại học Cần Thơ
LEADER 00517nam a2200205Ia 4500
001 CTU_87004
008 210402s9999 xx 000 0 und d
082 |a 332.1 
082 |b P871 
100 |a Potut, Georges 
245 0 |a La banque de France : 
245 0 |b Du Franc de germinal entreprises 
245 0 |c Georges Potut 
260 |a Paris 
260 |b Plon 
260 |c 1961 
650 |a Banks and banking 
650 |z France 
904 |i Truc 
980 |a Trung tâm Học liệu Trường Đại học Cần Thơ